[Event "British Rapidplay"]
[Site "Peterborough"]
[Date "2024.03.03"]
[Round "7"]
[White "Herring, Tim JC"]
[Black "Blair, Jimmy"]
[Result "1-0"]
[WhiteElo "1740"]
[BlackElo "1677"]
[PlyCount "83"]
[EventDate "2024.03.02"]
[EventType "swiss (rapid)"]
[EventRounds "11"]
[EventCountry "ENG"]
[SourceTitle "CB10_2024"]
[SourceDate "2024.03.06"]
[SourceVersion "1"]
[SourceVersionDate "2024.03.06"]
[SourceQuality "1"]

1. d4 d5 2. Bf4 Nf6 3. Nf3 Nc6 4. e3 Bf5 5. Bd3 Ne4 6. Nbd2 e6 7. h3 g5 8. Bxe4 gxf4 9. Bxf5 exf5 10. exf4 Qe7+ 11. Qe2 Qxe2+ 12. Kxe2 0-0-0 13. Rae1 Bg7 14. c3 Na5 15. Kd3 Bf6 16. Ne5 Rhf8 17. Re2 h5 18. Rhe1 c6 19. b4 Nc4 20. Nexc4 dxc4+ 21. Nxc4 Rd5 22. Re8+ Rxe8 23. Rxe8+ Kc7 24. Ne5 Bxe5 25. fxe5 Rd7 26. Rh8 Kb6 27. Rxh5 a5 28. a3 axb4 29. axb4 Kb5 30. Rxf5 Ka4 31. h4 Kb3 32. h5 b6 33. h6 c5 34. Rf4 c4+ 35. Kd2 Ra7 36. h7 Ra2+ 37. Ke3 Kxc3 38. h8Q Kb2 39. d5 Ra3+ 40. Ke2 c3 41. e6 Kb3 42. Qxc3+ 1-0

[Event "UK Armed Forces-ch"]
[Site "Wittering"]
[Date "2023.04.16"]
[Round "6"]
[White "Bradley, William"]
[Black "Blair, Jimmy"]
[Result "1-0"]
[WhiteElo "1831"]
[BlackElo "1509"]
[PlyCount "49"]
[EventDate "2023.04.14"]
[EventType "swiss"]
[EventRounds "7"]
[EventCountry "ENG"]
[SourceTitle "EXT 2024"]
[Source "ChessBase"]
[SourceDate "2023.10.10"]
[SourceVersion "1"]
[SourceVersionDate "2023.10.10"]
[SourceQuality "1"]

1. e4 e5 2. Nf3 Nc6 3. Bb5 d6 4. d4 a6 5. Bxc6+ bxc6 6. dxe5 Bg4 7. exd6 cxd6 8. Qd3 Bxf3 9. Qxf3 Qd7 10. 0-0 g6 11. Nc3 Bg7 12. Bf4 Ne7 13. Rad1 0-0 14. Bxd6 Qb7 15. Ba3 Be5 16. Rd3 f5 17. Bxe7 Qxe7 18. exf5 Rxf5 19. Qxc6 Raf8 20. g3 Bxc3 21. Qc4+ Kg7 22. Rxc3 R8f7 23. Qxa6 Rxf2 24. Rxf2 Qe1+ 25. Qf1 1-0

[Event "BCF-chT4 2223 (4NCL)"]
[Site "England"]
[Date "2023.02.05"]
[Round "6.134"]
[White "Taylor, Robert P"]
[Black "Blair, Jimmy"]
[Result "1-0"]
[WhiteElo "1742"]
[BlackElo "1499"]
[PlyCount "77"]
[EventDate "2022.11.05"]
[EventType "team-swiss"]
[EventRounds "11"]
[EventCountry "ENG"]
[SourceTitle "EXT 2024"]
[Source "ChessBase"]
[SourceDate "2023.10.10"]
[SourceVersion "1"]
[SourceVersionDate "2023.10.10"]
[SourceQuality "1"]
[WhiteTeam "Ashfield III"]
[BlackTeam "War and Piece II"]
[WhiteTeamCountry "ENG"]
[BlackTeamCountry "ENG"]

1. d4 d5 2. Nf3 Nc6 3. Nc3 Nf6 4. Bg5 h6 5. Bf4 a6 6. e3 Bg4 7. Be2 g5 8. Bg3 Bg7 9. h4 Ne4 10. Nxe4 dxe4 11. Nd2 Bxe2 12. Qxe2 Qd5 13. Bxc7 Nb4 14. 0-0 gxh4 15. a3 Nc6 16. Qg4 Qg5 17. Qxe4 f5 18. Qf4 Qxf4 19. Bxf4 0-0-0 20. Nf3 Bf6 21. Kh1 Rdg8 22. Rg1 Rg4 23. Nh2 Rg6 24. g4 hxg3 25. Rxg3 Rxg3 26. Bxg3 h5 27. Nf3 h4 28. Bf4 e6 29. Rg1 Ne7 30. c4 h3 31. Kh2 Ng8 32. Ne5 Ne7 33. Rg3 Nc6 34. Nxc6 bxc6 35. Rg6 Bd8 36. Rxe6 Kb7 37. Rg6 Kb6 38. b4 Bh4 39. Rg7 1-0

[Event "British-ch 5-day op AM Week 1"]
[Site "Torquay"]
[Date "2013.07.29"]
[Round "1"]
[White "Ai, Farshad"]
[Black "Blair, Jimmy"]
[Result "1-0"]
[WhiteElo "1895"]
[BlackElo "1500"]
[PlyCount "99"]
[EventDate "2013.07.29"]
[EventType "swiss"]
[EventRounds "5"]
[EventCountry "ENG"]
[SourceTitle "EXT 2023"]
[Source "ChessBase"]
[SourceDate "2022.10.05"]
[SourceVersion "1"]
[SourceVersionDate "2022.10.05"]
[SourceQuality "1"]

1. d4 f5 2. Nf3 Nf6 3. Bf4 d6 4. e3 Nc6 5. h3 h6 6. Bc4 Ne4 7. Nfd2 Nf6 8. Nf3 e6 9. c3 d5 10. Be2 Be7 11. Nbd2 Ne4 12. Ne5 Nxe5 13. Bxe5 0-0 14. Nf3 Bh4 15. g3 Bf6 16. Bd3 Bd7 17. Bxf6 Qxf6 18. Ne5 Be8 19. Qe2 c5 20. Bb5 c4 21. Bxe8 Raxe8 22. Nd7 Qf7 23. Nxf8 Qxf8 24. 0-0 Nf6 25. b3 b5 26. b4 Qd6 27. Kg2 e5 28. Qf3 Qe6 29. a4 e4 30. Qe2 a6 31. axb5 axb5 32. Ra5 Qd7 33. Rfa1 Kh7 34. Ra7 Qc8 35. R1a5 Qb8 36. Rf7 Kg6 37. Raa7 Rg8 38. Qa2 Qe8 39. Rfe7 Qc6 40. Qa6 Qxa6 41. Rxa6 h5 42. Rb7 h4 43. Rxb5 Kh5 44. Rb7 Ne8 45. Ra8 g5 46. Rbb8 Nf6 47. Rxg8 Nxg8 48. Rxg8 f4 49. Rh8+ Kg6 50. gxf4 1-0